ნორმალური ფორმატი
MARC ფორმატი
ჩანაწერი Personal Name
ჩანაწერთა რაოდენობა, რომელიც გამოყენებულია: 1
001 - CONTROL NUMBER
- control field: 10794
003 - CONTROL NUMBER IDENTIFIER
- control field: GE_BSU
005 - DATE AND TIME OF LATEST TRANSACTION
- control field: 20210329153217.0
008 - FIXED-LENGTH DATA ELEMENTS
- fixed length control field: 210329|| aca||aabn | a|a d
040 ## - CATALOGING SOURCE
- Original cataloging agency: GE_BSU
- Transcribing agency: GE_BSU
100 ## - HEADING--PERSONAL NAME
- Personal name: ჰიუსტენი, ჰანს
- Relator term: სამეცნ. ხელმძღვანელი
670 ## - SOURCE DATA FOUND
- Source citation: Work cat.: (GE_BSU)54467: ბოლქვაძე, ბულბული 10793, ცენტრალური და სამხრეთ კოლხეთის ზღვისპირა დაბლობის დიუნებისა და მტკნარწყლიანი ტბორების მცენარეულობა, კონსერვაცია და გონივრული გამოყენება /
